01200nam a2200277 a 450000100100000000500170001000800410002702000150006804000250008308200150010810000450012324501520016826000380032030000260035850000630038450400340044759000270048165000340050865000310054265000360057365000300060991000380063995201120067795201180078999900150090700000658620251210121512.0090901s2001 dr 001 0 spa d a9993402222 aDO-SdBNPbspacBNPHU a100bR789f1 aRosario Jiménez, José,d1953-91827813aLa filosofía en su diversidad :bcompendio de las principales corrientes filosóficas clásicas y contemporáneas /cJosé Rosario Jiménez. aSanto Domingo :bCorripio,c2001. a254 p. :bil., retrs. aIncluye datos biográficos del autor en la contracubierta aBibliografía : p. 251- 254. aInventariado, 2018 /LP 4aFilosofíaxEnseñanza9527 4aFilosofíaxHistoria9528 4aCategorías (filosofía)9529 0aFilosofía moderna98156 aValidado. Control de calidad. EMS 0010718PDaPDbPDcHDd2009-09-03iLF1l0o100 R789fp6586-10r2020-06-25w2020-06-25yLFPDZNo se presta 0010718PDaPDbPDcHDd2009-09-03iLF1l0o100 R789fp6586-20r2020-06-25te. 2w2020-06-25yLFPDZNo se presta c6377d6377